000 01109cam a22003377a 4500
003 CHAP
005 20220817043507.0
008 981105 1996 mx b r 00010 spa d
010 _a76620
011 _a77592
035 _a87201
040 _cCHAP
090 _aFolleto 15110
100 0 0 _aBantilan, M. C. S.
245 1 0 _aReturns to research and diffusion investments on wilt resistance in pigeonpea
_c/by M.C.S. Bantilan and P.K. Joshi
260 _aAndra Pradesh, India :
_bInternational Crops Research Institute for the Semi-Arid Tropics
_c1996.
410 _aICRISAT
490 0 _aImpact series
_v;1
590 _aBATCH-UPD
_b10
_c20130110
_lUCH01
_h0630
590 _aBATCH-UPD
_b10
_c20130110
_lUCH01
_h2315
590 _aCONVERSION
_b10
_c20130109
_lUCH01
_h1342
650 1 4 _aCajanus indicus.
650 1 4 _aLeguminosas
_xEnfermedades por hongos.
_965822
700 0 _aJoshi, P. K.
_962203
810 0 0 _aICRISAT
_957272
830 0 0 _aImpact series
_v;1
_957464
901 _aBK
905 _aAraceli Hernández G.
942 _cFOLL
949 _aFolleto 15110
_bBC
_cFOLL
_d872011
_eTS1
_i87201
_sb
999 _c76620
_d76620